Biblioteca "Ernesto Sabato"
Facultad de Derecho y Ciencias Sociales
Facultad de Lenguas
Universidad Nacional del Comahue

Diccionario Compact (Record no. 36707)

MARC details
000 -CABECERA
campo de control de longitud fija 00538nam a22001937a 4500
003 - IDENTIFICADOR DEL NÚMERO DE CONTROL
campo de control OSt
005 - FECHA Y HORA DE LA ÚLTIMA TRANSACCIÓN
campo de control 20260522101551.0
008 - DATOS DE LONGITUD FIJA--INFORMACIÓN GENERAL
campo de control de longitud fija 260522b |||||||| |||| 00| 0 spa d
020 ## - ISBN
Número Internacional Estándar del Libro 970-22-0482-8
040 ## - FUENTE DE LA CATALOGACIÓN
Centro/agencia transcriptor Biblioteca Ernesto Sábato
092 ## - SIGNATURA TOPOGRÁFICA
Número de clasificación 469.3
Libristica L332
Sector EYDI
245 ## - MENCIÓN DE TÍTULO
Título Diccionario Compact
Resto del título : Español-Portuguës Portugüés-Español
250 ## - MENCIÓN DE EDICIÓN
Mención de edición 1a. ed.
260 ## - PUBLICACIÓN, DISTRIBUCIÓN, ETC. (PIE DE IMPRENTA)
Lugar de publicación, distribución, etc. México
Nombre del editor, distribuidor, etc. Larousse
Fecha de publicación, distribución, etc. 2003
300 ## - DESCRIPCIÓN FÍSICA
Paginas 400 p.
650 ## - Descriptores Tematicos
Término de materia o nombre geográfico como elemento inicial DICCIONARIO BILINGÜE
650 ## - Descriptores Tematicos
Término de materia o nombre geográfico como elemento inicial DICCIONARIO ESPAÑOL-PORTUGUES
942 ## - ELEMENTOS DE PUNTO DE ACCESO ADICIONAL (KOHA)
Fuente del sistema de clasificación o colocación Dewey Decimal Classification
Tipo de ítem Koha EYDI
Holdings
Estado de retiro Estado de pérdida Fuente del sistema de clasificación o colocación Estado dañado No para préstamo Localización permanente Ubicación/localización actual Fecha de adquisición Número de inventario Total de préstamos Signatura topográfica completa Código de barras Fecha visto por última vez Precio válido a partir de Tipo de ítem Koha
    Dewey Decimal Classification     Biblioteca Ernesto Sabato - FADECS - UNCOMA Biblioteca Ernesto Sabato - FADECS - UNCOMA 22/05/2026 06875   469.3 L332 06875 22/05/2026 22/05/2026 EYDI
Facultad de Derecho y Ciencias Sociales | Universidad Nacional del Comahue | Mendoza y Perú General Roca | Río Negro CP (8332) | Patagonia Argentina | Teléfono: 54-0298-4433670 | | Fax: 0298-4432093 | Fax alumnos: 0298-4435700